Statistics for 6 or More Straight Games With a Home Run MLB

Click here to take the quiz!

General Stats

  • This quiz has been taken 28 times
  • The average score is 13 of 32

Answer Stats

Team and Number of Games and YearPlayer% Correct
8 Mariners 1993Ken Griffey Jr
100%
6 Giants 2001Barry Bonds
83%
6 Giants 2001Barry Bonds
83%
7 Giants 2004Barry Bonds
83%
6 Giants 1965Willie Mays
71%
6 Giants 1955Willie Mays
71%
8 Yankees 1987Don Mattingly
67%
6 Marlins 2017Giancarlo Stanton
67%
7 Indians 2002Jim Thome
67%
6 Yankees 1931Lou Gehrig
63%
6 Cardinals 1997-1998Mark McGwire
63%
6 Orioles 2012Chris Davis
58%
6 Yankees 1961Roger Maris
58%
6 Rockies 2015Nolan Arenado
54%
6 Orioles 1976Reggie Jackson
46%
6 Senators 1968Frank Howard
38%
6 A's 2006Frank Thomas
38%
6 Browns 1922Ken Williams
33%
6 Blue Jays 2001Jose Cruz
25%
6 Rays 2010Carlos Pena
21%
6 Pirates 2006Jason Bay
21%
6 Indians 2005Travis Hafner
21%
8 Pirates 1956Dale Long
17%
6 Pardes 1984 Graig Nettles
4%
7 Blue Jays 2018Kendrys Morales
4%
6 Cardinals 2018Matt Carpenter
4%
6 Mets 2015Daniel Murphy
0%
6 Giants 1924George Kelly
0%
7 Rangers 2006Kevin Mench
0%
6 Astros 2006Morgan Ensberg
0%
6 Senetors 1957Roy Sievers
0%
6 Giants 1947Walker Cooper
0%

Score Distribution

Percentile by Number Answered

Percent of People with Each Score

Your Score History

You have not taken this quiz